Basic Japanese Quiz - Statistics

General Stats
  • This quiz has been taken 1,104 times
    1,093 since last reset
  • The average score is 22 of 27
Answer Stats
Japanese Answer % Correct
I
97%
Hai Yes
97%
Arigato/ Arigato Gozaimasu Thank You
96%
A
95%
Neko Cat
95%
Nihon Japan
95%
O
95%
iie No
94%
Nani What
94%
Banana Banana
92%
E
92%
Ohayou/ Ohayou Gozaimasu Good morning
92%
What is the capital of Japan? Tokyo
92%
U
92%
Inu Dog
89%
San (the #) Three
89%
Ni Two
85%
Shiro White
84%
Juu Ten
83%
Baka Stupid
82%
Kuro Black
79%
What is the national religion of Japan? Buddhism/Shinto
73%
What is the best selling manga in Japan? One Piece
55%
Define sashimi Raw fish without rice or vegetables
52%
Who is the prime minister of Japan? Shinzo Abe
44%
What is the largest section of Japan? Honshu
42%
Furuーtsu Fruit
37%
No matching quizzes found
Score Distribution
Percent of People with Each Score
Percentile by Number Answered
Your Score History
You have not taken this quiz since the last reset